LEADER 00893nam0-22003251i-450- 001 990006835620403321 005 20001010 035 $a000683562 035 $aFED01000683562 035 $a(Aleph)000683562FED01 035 $a000683562 100 $a20001010d--------km-y0itay50------ba 101 0 $aita 105 $ay-------001yy 200 1 $aPSICOLOGIA e politica$fA cura di Paolo Legrenzi e Vittorio Girotto. 210 $aMilano$cRaffaello Cortina$d1996. 215 $aX, 342 p.$d21 cm 225 1 $aCollana di psicologia$v39 610 0 $aPolitica - Aspetti psicologici 676 $a320.019 702 1$aGirotto$bVittorio 702 1$aLegrenzi,$bPaolo 801 0$aIT$bUNINA$gRICA$2UNIMARC 901 $aBK 912 $a990006835620403321 952 $aIX F 65$b29438$fFSPBC 959 $aFSPBC 996 $aPSICOLOGIA e politica$9626166 997 $aUNINA DB $aGEN01 LEADER 01742cam0-22005651i-450 001 990000799680403321 005 20251113132949.0 010 $a88-7075-397-2 035 $aFED01000079968 100 $a20020821d1994----km-y0itay50------ba 101 0 $aita 102 $aIT 105 $aa-------001yy 200 1 $aEsercizi di soggettazione e classificazione$edue tecniche di indicizzazione a confronto$fPaola Ferro, Anna Rita Zanobi 210 $aMilano$cEditrice Bibliografica$dc1994 215 $a131 p.$cill.$d24 cm 225 1 $aBibliografia e biblioteconomia$iFuori collana$v48 610 0 $aSoggettazione e classificazione$aEsercizi 610 0 $aManuali generali di consultazione 610 0 $aBiblioteconomia$aSoggettazione 610 0 $aSoggettazione (biblioteconomia)$aEsercizi 610 0 $aClassificazione decimale Dewey$aEsercizi 610 0 $aCatalogazione a soggetto$aEsercizi 676 $a020 676 $a025.47076 676 $a025.431076 676 $a025.47 700 1$aFerro,$bPaola$08970 701 1$aZanobi,$bAnnarita$04885 801 0$aIT$bUNINA$gRICA$2UNIMARC 901 $aBK 912 $a990000799680403321 952 $aUB-F 056$bI.G.s.i.$fILFGE 952 $aXXIX-B1-54$b3392$fMAS 952 $a025.47076 FER 1$b5725$fBFS 952 $aBIBL B 255$b6553$fFARBC 952 $a13 U 05 30$b10354$fFINBC 952 $aXXX COD. 746$b24904$fFSPBC 952 $aF ECO 271$b02/0418/25$fFAGBC 952 $a025.1-FER-2$b331/2023$fSC1 959 $aFAGBC 959 $aSC1 959 $aFARBC 959 $aFSPBC 959 $aILFGE 959 $aMAS 959 $aFINBC 959 $aBFS 996 $aEsercizi di soggettazione e classificazione$972423 997 $aUNINA